ნორმალური ფორმატი
MARC ფორმატი
ჩანაწერი Personal Name
ჩანაწერთა რაოდენობა, რომელიც გამოყენებულია: 2
001 - CONTROL NUMBER
- control field: 25640
003 - CONTROL NUMBER IDENTIFIER
- control field: GE_BSU
005 - DATE AND TIME OF LATEST TRANSACTION
- control field: 20250711141338.0
008 - FIXED-LENGTH DATA ELEMENTS
- fixed length control field: 250711|| aca||aabn | a|a d
040 ## - CATALOGING SOURCE
- Original cataloging agency: GE_BSU
- Transcribing agency: GE_BSU
100 ## - HEADING--PERSONAL NAME
- Personal name: Alden, Edward
670 ## - SOURCE DATA FOUND
- Source citation: Work cat.: (GE_BSU): Mol, Hans 25639, English for Tourism Hospitality in Higher Education Studies
